[Event "Arosa HT2 op"]
[Site "Arosa"]
[Date "1996.07.13"]
[Round "3.23"]
[White "Fricker, Alfred"]
[Black "Mee, Anthony G"]
[Result "0-1"]
[WhiteElo "1775"]
[BlackElo "1695"]
[PlyCount "42"]
[EventDate "1996.07.11"]
[EventType "swiss"]
[EventRounds "7"]
[EventCountry "SUI"]
[SourceTitle "EXT 2013"]
[Source "ChessBase"]
[SourceDate "2012.11.22"]
[SourceVersion "1"]
[SourceVersionDate "2012.11.22"]
[SourceQuality "1"]

1. e4 g6 2. d4 Bg7 3. Nc3 d6 4. Be3 Nc6 5. Bc4 Nf6 6. f3 0-0 7. Nge2 e5 8. d5 Na5 9. Bb3 b6 10. Qd3 Nd7 11. Qd2 Nc5 12. Bh6 Qh4+ 13. g3 Qxh6 14. Qxh6 Bxh6 15. Nb5 a6 16. Nbc3 Bd7 17. a3 Naxb3 18. cxb3 Nxb3 19. Rd1 Bb5 20. Nxb5 axb5 21. Rd3 Nc5 0-1